M.K. Gandhi's Hind swaraj : (Record no. 1215891)
[ view plain ]
| 000 -LEADER | |
|---|---|
| fixed length control field | 00923cam a2200289 a 4500 |
| 003 - CONTROL NUMBER IDENTIFIER | |
| control field | OSt |
| 005 - DATE AND TIME OF LATEST TRANSACTION | |
| control field | 20240827103540.0 |
| 008 - FIXED-LENGTH DATA ELEMENTS--GENERAL INFORMATION | |
| fixed length control field | 100526s2010 ii 000 0 eng |
| 020 ## - INTERNATIONAL STANDARD BOOK NUMBER | |
| International Standard Book Number | 9788125039181 |
| 037 ## - SOURCE OF ACQUISITION | |
| Source of stock number/acquisition | Library of Congress -- New Delhi Overseas Office |
| 040 ## - CATALOGING SOURCE | |
| Transcribing agency | SDCL |
| Modifying agency | SDCL |
| 041 1# - LANGUAGE CODE | |
| Language code of text/sound track or separate title | eng |
| -- | Eng |
| 050 00 - LIBRARY OF CONGRESS CALL NUMBER | |
| Classification number | V2y7M69 Q0 |
| 100 0# - MAIN ENTRY--PERSONAL NAME | |
| Personal name | Gandhi Mohandas Karamchand |
| 240 10 - UNIFORM TITLE | |
| Uniform title | Hinda swaraj |
| Language of a work | English & Hindi |
| 245 10 - TITLE STATEMENT | |
| Title | M.K. Gandhi's Hind swaraj : |
| Statement of responsibility, etc. | Sharma Suresh Ed, |
| 246 30 - VARYING FORM OF TITLE | |
| Title proper/short title | Hind swaraj |
| 260 ## - PUBLICATION, DISTRIBUTION, ETC. | |
| Place of publication, distribution, etc. | New Delhi : |
| Name of publisher, distributor, etc. | Orient BlackSwan, |
| Date of publication, distribution, etc. | 2010. |
| 300 ## - PHYSICAL DESCRIPTION | |
| Extent | xxiv 83 p. |
| Dimensions | 25 cm. |
| 490 0# - SERIES STATEMENT | |
| Series statement | Gandhi studies |
| 546 ## - LANGUAGE NOTE | |
| Language note | English and Hindi. |
| 650 #0 - SUBJECT ADDED ENTRY--TOPICAL TERM | |
| Topical term or geographic name entry element | Nationalism |
| Geographic subdivision | India. |
| 9 (RLIN) | 722661 |
| 651 #0 - SUBJECT ADDED ENTRY--GEOGRAPHIC NAME | |
| Geographic name | India |
| General subdivision | Politics and government |
| Chronological subdivision | 1919-1947. |
| 9 (RLIN) | 722662 |
| 700 1# - ADDED ENTRY--PERSONAL NAME | |
| Personal name | Sharma, Suresh, |
| Dates associated with a name | 1945- |
| 9 (RLIN) | 722663 |
| 700 1# - ADDED ENTRY--PERSONAL NAME | |
| Personal name | Suhrud, Tridip, |
| Dates associated with a name | 1965- |
| 9 (RLIN) | 722664 |
| 942 ## - ADDED ENTRY ELEMENTS (KOHA) | |
| Source of classification or shelving scheme | Colon Classification (CC) |
| Koha item type | Textual |
| Classification part | V2y7M69 Q0 |
| Suppress in OPAC | No |
| Withdrawn status | Lost status | Source of classification or shelving scheme | Damaged status | Not for loan | Home library | Current library | Date acquired | Total Checkouts | Full call number | Barcode | Date last seen | Date last checked out | Price effective from | Koha item type |
|---|---|---|---|---|---|---|---|---|---|---|---|---|---|---|
| Dewey Decimal Classification | South Campus Library | South Campus Library | 2024-08-27 | 1 | V2y7M69 Q0 | SC1465243 | 2026-02-19 | 2026-02-10 | 2024-08-27 | Textual |
